000 00358nam a22001337a 4500
020 _qPB.
040 _cFIZZA ISHAQ
082 _a370.193
_bROB
100 _aROCKWELL,E.ROBERT.
_9132491
245 _aPARENTS AND TEACHERS AS PARTNERS /
_cROBERT E.ROCKWELL.
260 _aNEW YORK;
_bHARCOURT BRACE,
_c1996.
300 _a315 P. ;
_c9.1X7.4IN
942 _2ddc
_cBK
999 _c615643
_d615643